MLB Top 5 NL Cy Young Voting 1970s - Statistics

General Stats
  • This quiz has been taken 23 times
  • The average score is 29 of 55
Answer Stats
Year Team Player % Correct
1971: 2 Mets Tom Seaver
100%
1972: 5 Mets Tom Seaver
100%
1973: 1 Mets Tom Seaver
100%
1975: 1 Mets Tom Seaver
100%
1977: 3 Mets/Reds Tom Seaver
100%
1970: 1 Cardinals Bob Gibson
95%
1971: 5 Cardinals Bob Gibson
95%
1978: 4 Astros J.R. Richard
95%
1979: 3 Astros J.R. Richard
95%
1970: 3 Cubs Fergie Jenkins
90%
1971: 1 Cubs Fergie Jenkins
90%
1972: 3 Cubs Fergie Jenkins
90%
1970: 2 Giants Gaylord Perry
90%
1978: 1 Padres Gaylord Perry
90%
1972: 1 Phillies Steve Carlton
90%
1976: 4 Phillies Steve Carlton
90%
1977: 1 Phillies Steve Carlton
90%
1972: 5 Dodgers Don Sutton
85%
1973: 5 Dodgers Don Sutton
85%
1974: 4 Dodgers Don Sutton
85%
1975: 5 Dodgers Don Sutton
85%
1976: 3 Dodgers Don Sutton
85%
1979: 1 Astros Joe Niekro
80%
1974: 3 Braves Phil Niekro
80%
1976: 2 Mets Jerry Koosman
70%
1976: 1 Padres Randy Jones
70%
1977: 3 Cubs Rick Reuschel
70%
1977: 5 Pirates John Candelaria
65%
1974: 2 Dodgers Andy Messersmith
60%
1975: 5 Dodgers Andy Messersmith
60%
1979: 1 Cubs Bruce Sutter
60%
1972: 4 Expos Mike Marshall
60%
1973: 2 Expos Mike Marshall
60%
1974: 1 Dodgers Mike Marshall
60%
1972: 5 Reds Gary Nolan
40%
1971: 3 Dodgers Al Downing
10%
1973: 3 Giants Ron Bryant
10%
1975: 5 Reds Don Gullett
5%
1970: 4 Reds Jim Merritt
5%
1975: 4 Giants John Montefusco
5%
1972: 2 Pirates Steve Blass
5%
1974: 5 Cardinals Al Hrabosky
0%
1975: 3 Cardinals Al Hrabosky
0%
1978: 2 Dodgers Burt Hooton
0%
1972: 5 Reds Clay Carroll
0%
1970: 4 Pirates Dave Giusti
0%
1971: 4 Pirates Dock Ellis
0%
1973: 4 Reds Jack Billingham
0%
1978: 5 Pirates Kent Tekulve
0%
1979: 5 Pirates Kent Tekulve
0%
1975: 2 Padres Randy Jones
0%
1976: 5 Reds Rawly Eastwick
0%
1977: 2 Dodgers Tommy John
0%
1979: 4 Reds Tom Seaver
0%
1978: 3 Giants Vida Blue
0%
No matching quizzes found
Score Distribution
Percent of People with Each Score
Percentile by Number Answered
Your Score History
You have not taken this quiz